Match the Country Code with the Right Country - Statistics

General Stats
  • This quiz has been taken 56 times
  • The average score is 45 of 196
Answers on the Map
Answers color-coded by a green-red scale on the quiz's map according to % correct below.
 
Answer Stats
Answer % Correct
ca
75%
us
67%
mx
58%
af
50%
au
50%
be
50%
br
50%
bz
50%
co
50%
cz
50%
fr
50%
gb
50%
pt
50%
ad
42%
bo
42%
eg
42%
es
42%
nz
42%
om
42%
ug
42%
uz
42%
zw
42%
az
33%
ch
33%
cr
33%
cu
33%
cv
33%
cy
33%
de
33%
dj
33%
dr
33%
er
33%
et
33%
fi
33%
gr
33%
ht
33%
in
33%
iq
33%
is
33%
it
33%
jm
33%
jo
33%
jp
33%
ke
33%
ki
33%
kz
33%
lb
33%
lu
33%
nl
33%
pa
33%
pe
33%
ph
33%
qa
33%
ro
33%
ru
33%
rw
33%
sa
33%
ss
33%
st
33%
th
33%
tj
33%
tl
33%
tm
33%
tr
33%
tv
33%
tw
33%
ua
33%
uy
33%
vn
33%
ye
33%
zm
33%
ae
25%
al
25%
at
25%
bf
25%
bg
25%
bw
25%
cg
25%
cm
25%
cn
25%
dk
25%
ec
25%
ee
25%
gh
25%
gn
25%
hn
25%
hr
25%
hu
25%
id
25%
ie
25%
ir
25%
kg
25%
kw
25%
ls
25%
lt
25%
lv
25%
ml
25%
mt
25%
mz
25%
na
25%
ni
25%
no
25%
nr
25%
pg
25%
pk
25%
pl
25%
pw
25%
se
25%
sg
25%
sk
25%
so
25%
sv
25%
sy
25%
tg
25%
tn
25%
tz
25%
ve
25%
za
25%
ar
17%
bb
17%
cd
17%
cf
17%
cl
17%
dm
17%
dz
17%
fj
17%
ga
17%
ge
17%
gt
17%
gy
17%
il
17%
la
17%
li
17%
mc
17%
mw
17%
my
17%
np
17%
py
17%
rs
17%
sd
17%
sl
17%
sm
17%
sn
17%
sz
17%
va
17%
vu
17%
am
8%
bh
8%
bi
8%
bn
8%
by
8%
ci
8%
fm
8%
gd
8%
gq
8%
kn
8%
kr
8%
lc
8%
ly
8%
ma
8%
mg
8%
mh
8%
mn
8%
ng
8%
si
8%
sr
8%
to
8%
tt
8%
xk
8%
ag
0%
ao
0%
ba
0%
bd
0%
bj
0%
bs
0%
bt
0%
gm
0%
gw
0%
kh
0%
km
0%
kp
0%
lk
0%
lr
0%
md
0%
me
0%
mk
0%
mm
0%
mr
0%
mu
0%
mv
0%
ne
0%
sb
0%
sc
0%
td
0%
vc
0%
ws
0%
No matching quizzes found
Score Distribution
Percent of People with Each Score
Percentile by Number Answered
Your Score History
You have not taken this quiz